Protokol / Zwězkowy Kongres Domowiny

Titel: Protokol / Zwězkowy Kongres Domowiny / wudał Sekretariat Zwězkowego Pśedsedarstwa Domowiny
Körperschaft:
Veröffentlicht: Budyšin : Zwjazk. Předsyd. Domowiny, 1952-1987
Erscheinungsverlauf: 2.1952 - 11.1987 nachgewiesen
Format: Zeitschrift, Zeitung
Schlagworte:
Andere Ausgaben: Dt. Ausg.: Domowina, Bund Lausitzer Sorben. Protokoll. - Bautzen : Domowina-Verl., 1957-1973
Kein Bild verfügbar
X
Lokale Klassifikation: 17 7 O ; 17 15 B
alg: 6594157
001A    $06050:09-03-99 
001B    $06050:16-03-19 $t01:54:11.000 
001D    $06050:09-10-15 
001U    $0utf8 
001X    $00 
002@    $0Abvc 
002C    $aText $btxt $2rdacontent 
002D    $aohne Hilfsmittel zu benutzen $bn $2rdamedia 
002E    $aBand $bnc $2rdacarrier 
003@    $0065941578 
003O    $0183225496 $aOCoLC 
006D    $0550792511 
006Z    $0579398-1 
007A    $0579398-1 $aZDB 
011@    $a1952 $b1987 $n1952-1987 
013D    $RPresse $RFortlaufendes Sammelwerk $#Periodicals $#Yearbooks $#Périodiques $#Annuaires $#Publicaciones periódicas $#journals $#Periodical $#Periodicals as Topic $#Zeitschrift $#Zeitschrift $#Periodikum $#Zeitschriften $74067488-5 $8Zeitschrift [Tsz] $9085189774 
013D    $RWissenschaftliche Literatur $RAufsatzsammlung $71071861417 $8Konferenzschrift [Ts1] $9359646190 
013H    $0ko 
018@    $0u 
021A    $aProtokol $eZwězkowy Kongres Domowiny $hwudał Sekretariat Zwězkowego Pśedsedarstwa Domowiny 
029A    $BVerfasser $#Domowina, Bund Lausitzer Sorben e.V. $#Domowina Domowina, Bund Lausitzer Sorben $#Bund Lausitzer Sorben $#Domowina, Zwězk Łužyskich Serbow $#Domowina, Zwjazk Łužiskich Serbow $#Zwězk Łužyskich Serbow $#Zwjazk Łužiskich Serbow $4aut $72009021-3 $8Domowina, Bund Lausitzer Sorben [Tb1] $9042647282 
031@    $a2.1952 - 11.1987 nachgewiesen 
031N    $d2 $j1952 $k1987 $n11 
033A    $pBudyšin $nZwjazk. Předsyd. Domowiny 
039D    $aDt. Ausg. $8--Abvc--Domowina, Bund Lausitzer Sorben [Tb1]. Protokoll. - Bautzen : Domowina-Verl., 1957-1973 $906594156X 
044F    $aDomowina 
044F    $aSorben 
045E    $a14 $a16 
045U    $e390 
046C    $aZwjazkowy Kongres Domowiny $bNebent. 
046C    $aBundeskongress der Domowina $bNebent. 
046C    $aZwězkowy Kongres Domowiny $bNebent. 
046D    $aProtokol ... Zwjazkoweho Kongresa Domowiny $bHauptsacht. anfangs 

lok: 6594157 24
101B    $023-12-05 $t08:22:19.000 
101C    $023-12-05 
145Z/01 $a17 7 O 
145Z/02 $a17 15 B 
101U    $0utf8 

exp: 6594157 24 1 #EPN
201B/01 $012-03-08 $t10:25:27.000 
201C/01 $023-12-05 
201U/01 $0utf8 
203@/01 $0333312961 
208@/01 $a23-12-05 $bp 
209A/01 $a17 VII O 7 $f050 $h17 7 O 7 $x00 
209E/01 $a4.1957; 5.1961; 7.1969; 8.1973 $x02 
220C/01 $aR. - O 
231@/01 $0 $05 $01961 $0 $07 $01969 $0 $08 $01973 $d4 $j1957 
247C/01 $8358050-7 Marburg, Bibliothek des Herder-Instituts Marburg $9102600961
LEADER 00000cas a2200000 c 4500
001 065941578
003 DE-603
005 20190316015411.0
007 tu
008 990309d19521987xx u| p| | 1 |1und c
016 7 |2 DE-600  |a 579398-1 
035 |a (DE-599)ZDB579398-1 
035 |a (OCoLC)183225496 
040 |a DE-603  |b ger  |c DE-603  |d DE-603 
084 |a 14  |a 16  |q DE-101  |2 sdnb 
084 |a 390  |q DE-600  |2 sdnb 
110 2 |a Domowina, Bund Lausitzer Sorben  |e Verfasser  |4 aut  |0 (DE-603)042647282  |0 (DE-588)2009021-3  |2 gnd 
245 0 0 |a Protokol / Zwězkowy Kongres Domowiny  |c wudał Sekretariat Zwězkowego Pśedsedarstwa Domowiny 
246 1 |i Nebent.  |a Zwjazkowy Kongres Domowiny 
246 1 |i Nebent.  |a Bundeskongress der Domowina 
246 1 |i Nebent.  |a Zwězkowy Kongres Domowiny 
247 0 0 |f Hauptsacht. anfangs  |a Protokol ... Zwjazkoweho Kongresa Domowiny 
264 3 1 |a Budyšin  |b Zwjazk. Předsyd. Domowiny  |c 1952-1987 
336 |a Text  |b txt  |2 rdacontent 
337 |a ohne Hilfsmittel zu benutzen  |b n  |2 rdamedia 
338 |a Band  |b nc  |2 rdacarrier 
362 0 |a 2.1952 - 11.1987 nachgewiesen 
363 0 0 |8 1.1\x  |a 2  |i 1952 
363 1 0 |8 1.2\x  |a 11  |i 1987 
650 7 |a Domowina  |2 local 
650 7 |a Sorben  |2 local 
655 7 |a Zeitschrift  |2 gnd-content  |0 (DE-588)4067488-5  |0 (DE-603)085189774 
655 7 |a Konferenzschrift  |2 gnd-content  |0 (DE-588)1071861417  |0 (DE-603)359646190 
776 0 8 |i Dt. Ausg.  |a Domowina, Bund Lausitzer Sorben  |t Protokoll  |d Bautzen : Domowina-Verl., 1957-1973  |w (DE-603)06594156X  |w (DE-600)579396-8 
924 0 |9 Mb 50  |a (DE-603)333312961  |b DE-Mb50  |c HES  |d c  |g 17 VII O 7  |m 4  |q 1957  |w ;  |m 5  |q 1961  |w ;  |m 7  |q 1969  |w ;  |m 8  |q 1973  |z 4.1957; 5.1961; 7.1969; 8.1973